Statistiken für Alle Städte Nordrhein-Westfalens

Klicken Sie hier um das Quiz zu spielen!

Allgemein

  • Dieses Quiz wurde 662 mal gespielt
    (135 seit der letzten Aktualisierung)
  • Das Durchschnittsergebnis liegt bei 118 aus 272

Antwortstatistiken

NameEinwohnerzahlKreis% Korrekt
Köln1.085.664kreisfreie Stadt
99%
Düsseldorf619.294kreisfreie Stadt
97%
Gelsenkirchen260.654kreisfreie Stadt
96%
Aachen247.380Städteregion Aachen
95%
Duisburg498.590kreisfreie Stadt
95%
Dortmund587.010kreisfreie Stadt
95%
Bielefeld333.786kreisfreie Stadt
93%
Essen583.109kreisfreie Stadt
93%
Paderborn150.580Paderborn
93%
Bochum364.628kreisfreie Stadt
93%
Wuppertal354.382kreisfreie Stadt
92%
Bonn327.258kreisfreie Stadt
92%
Münster314.319kreisfreie Stadt
90%
Mönchengladbach261.454kreisfreie Stadt
90%
Leverkusen163.838kreisfreie Stadt
90%
Siegen102.836Siegen-Wittgenstein
89%
Recklinghausen112.267Recklinghausen
89%
Krefeld227.020kreisfreie Stadt
88%
Unna58.633Unna
88%
Herne156.374kreisfreie Stadt
88%
Hamm179.111kreisfreie Stadt
86%
Düren90.733Düren
86%
Neuss153.796Rhein-Kreis Neuss
86%
Herford66.608Herford
85%
Gütersloh100.194Gütersloh
85%
Bergisch Gladbach111.966Rheinisch-Bergischer Kreis
85%
Oberhausen210.829kreisfreie Stadt
84%
Solingen159.360kreisfreie Stadt
84%
Euskirchen57.975Euskirchen
84%
Hagen188.814kreisfreie Stadt
84%
Kleve51.845Kleve
81%
Borken42.530Borken
81%
Soest47.460Soest
81%
Wesel60.357Wesel
79%
Viersen76.905Viersen
79%
Minden81.682Minden-Lübbecke
79%
Steinfurt34.084Steinfurt
77%
Bottrop117.383kreisfreie Stadt
77%
Heinsberg41.946Heinsberg
75%
Remscheid110.994kreisfreie Stadt
75%
Mettmann38.829Mettmann
75%
Warendorf37.226Warendorf
75%
Coesfeld36.217Coesfeld
74%
Moers103.725Wesel
73%
Olpe24.688Olpe
73%
Höxter28.824Höxter
71%
Lippstadt67.901Soest
67%
Mülheim an der Ruhr170.880kreisfreie Stadt
67%
Gladbeck75.687Recklinghausen
67%
Witten96.563Ennepe-Ruhr-Kreis
67%
Castrop-Rauxel73.425Recklinghausen
66%
Bocholt71.099Borken
64%
Iserlohn92.666Märkischer Kreis
64%
Marl83.941Recklinghausen
63%
Dinslaken67.525Wesel
62%
Ratingen87.297Mettmann
62%
Detmold74.388Lippe
62%
Greven37.692Steinfurt
60%
Siegburg41.463Rhein-Sieg-Kreis
60%
Velbert81.984Mettmann
58%
Arnsberg73.628Hochsauerlandkreis
58%
Rheine76.107Steinfurt
58%
Lübbecke25.490Minden-Lübbecke
56%
Troisdorf74.903Rhein-Sieg-Kreis
56%
Gummersbach50.688Oberbergischer Kreis
56%
Grevenbroich63.620Rhein-Kreis Neuss
55%
Lüdenscheid72.611Märkischer Kreis
55%
Dorsten74.736Recklinghausen
55%
Kamen42.971Unna
55%
Lünen86.449Unna
55%
Ahlen52.582Warendorf
55%
Rheda-Wiedenbrück48.505Gütersloh
55%
Xanten21.690Wesel
53%
Ennepetal30.075Ennepe-Ruhr-Kreis
53%
Frechen52.473Rhein-Erft-Kreis
53%
Herten61.791Recklinghausen
52%
Winterberg12.611Hochsauerlandkreis
51%
Haltern am See38.013Recklinghausen
51%
Erkelenz43.364Heinsberg
51%
Dormagen64.335Rhein-Kreis Neuss
51%
Hattingen54.562Ennepe-Ruhr-Kreis
51%
Erftstadt49.801Rhein-Erft-Kreis
49%
Büren (Westfalen)21.556Paderborn
49%
Hürth60.189Rhein-Erft-Kreis
49%
Sankt Augustin55.767Rhein-Sieg-Kreis
49%
Kerpen66.206Rhein-Erft-Kreis
48%
Ibbenbüren51.904Steinfurt
48%
Bergheim61.612Rhein-Erft-Kreis
48%
Werl30.772Soest
48%
Bergkamen48.725Unna
48%
Pulheim54.071Rhein-Erft-Kreis
48%
Langenfeld (Rheinland)58.927Mettmann
47%
Jülich32.632Düren
47%
Meschede29.921Hochsauerlandkreis
47%
Schwelm28.542Ennepe-Ruhr-Kreis
47%
Hennef (Sieg)47.339Rhein-Sieg-Kreis
47%
Bad Oeynhausen48.702Minden-Lübbecke
45%
Brilon25.417Hochsauerlandkreis
45%
Brühl (Rheinland)44.397Rhein-Erft-Kreis
45%
Verl25.498Gütersloh
45%
Schwerte46.340Unna
45%
Menden (Sauerland)52.912Märkischer Kreis
45%
Eschweiler56.385Städteregion Aachen
45%
Datteln34.614Recklinghausen
44%
Hilden55.764Mettmann
44%
Warstein24.842Soest
44%
Stolberg (Rheinland)56.792Städteregion Aachen
44%
Rheinberg31.097Wesel
44%
Würselen38.712Städteregion Aachen
44%
Kamp-Lintfort37.391Wesel
44%
Porta Westfalica35.671Minden-Lübbecke
42%
Dülmen46.590Coesfeld
42%
Geilenkirchen27.214Heinsberg
42%
Lemgo40.696Lippe
42%
Gevelsberg30.695Ennepe-Ruhr-Kreis
41%
Haan30.484Mettmann
41%
Bad Honnef25.816Rhein-Sieg-Kreis
41%
Oer-Erkenschwick31.442Recklinghausen
41%
Meerbusch56.189Rhein-Kreis Neuss
41%
Königswinter41.243Rhein-Sieg-Kreis
41%
Ahaus39.223Borken
41%
Zülpich20.174Euskirchen
40%
Kempen34.597Viersen
40%
Waltrop29.345Recklinghausen
40%
Geldern33.836Kleve
40%
Bornheim (Rheinland)48.326Rhein-Sieg-Kreis
40%
Willich50.592Viersen
40%
Erkrath44.384Mettmann
40%
Kevelaer28.021Kleve
38%
Werne29.662Unna
38%
Kaarst43.433Rhein-Kreis Neuss
38%
Nettetal42.493Viersen
38%
Emmerich am Rhein30.748Kleve
38%
Heiligenhaus26.335Mettmann
38%
Korschenbroich33.066Rhein-Kreis Neuss
38%
Beckum36.646Warendorf
38%
Emsdetten36.012Steinfurt
38%
Bad Münstereifel17.299Euskirchen
37%
Hamminkeln26.739Wesel
37%
Bad Lippspringe16.089Paderborn
37%
Selm26.011Unna
37%
Wegberg28.175Heinsberg
37%
Monschau11.726Städteregion Aachen
37%
Sprockhövel24.747Ennepe-Ruhr-Kreis
37%
Lage (Lippe)35.047Lippe
37%
Bad Berleburg19.446Siegen-Wittgenstein
36%
Bad Salzuflen54.127Lippe
36%
Wipperfürth21.003Oberbergischer Kreis
36%
Schmallenberg24.869Hochsauerlandkreis
36%
Herzogenrath46.402Städteregion Aachen
36%
Harsewinkel25.147Gütersloh
36%
Fröndenberg/Ruhr20.766Unna
36%
Wermelskirchen34.765Rheinisch-Bergischer Kreis
36%
Jüchen23.337Rhein-Kreis Neuss
36%
Neukirchen-Vluyn26.982Wesel
36%
Hemer34.080Märkischer Kreis
36%
Salzkotten25.062Paderborn
34%
Voerde (Niederrhein)35.999Wesel
34%
Warburg23.079Höxter
34%
Kreuztal31.187Siegen-Wittgenstein
34%
Overath27.040Rheinisch-Bergischer Kreis
34%
Rheinbach27.063Rhein-Sieg-Kreis
34%
Bünde45.521Herford
34%
Altena16.922Märkischer Kreis
34%
Straelen16.114Kleve
34%
Wesseling36.146Rhein-Erft-Kreis
33%
Radevormwald22.107Oberbergischer Kreis
33%
Monheim am Rhein40.645Mettmann
33%
Geseke21.343Soest
33%
Wülfrath21.035Mettmann
33%
Alsdorf47.018Städteregion Aachen
33%
Rees20.972Kleve
33%
Marsberg19.640Hochsauerlandkreis
33%
Meinerzhagen20.397Märkischer Kreis
33%
Lohmar30.363Rhein-Sieg-Kreis
33%
Vlotho18.429Herford
33%
Goch34.205Kleve
33%
Drensteinfurt15.542Warendorf
32%
Hückelhoven39.931Heinsberg
32%
Stadtlohn20.322Borken
32%
Rösrath28.693Rheinisch-Bergischer Kreis
32%
Bedburg23.531Rhein-Erft-Kreis
32%
Baesweiler27.033Städteregion Aachen
32%
Lennestadt25.503Olpe
32%
Wetter (Ruhr)27.441Ennepe-Ruhr-Kreis
32%
Delbrück31.949Paderborn
32%
Linnich12.593Düren
30%
Oelde29.326Warendorf
30%
Werdohl17.737Märkischer Kreis
30%
Mechernich27.598Euskirchen
30%
Rahden15.441Minden-Lübbecke
30%
Löhne39.697Herford
30%
Niederkassel38.218Rhein-Sieg-Kreis
30%
Ochtrup19.636Steinfurt
30%
Schloß Holte-Stukenbrock26.776Gütersloh
30%
Bad Driburg19.002Höxter
30%
Halle (Westf.)21.640Gütersloh
29%
Bad Laasphe13.565Siegen-Wittgenstein
29%
Rhede19.328Borken
29%
Herdecke22.733Ennepe-Ruhr-Kreis
29%
Sendenhorst13.157Warendorf
29%
Tönisvorst29.306Viersen
27%
Freudenberg (Siegerland)17.739Siegen-Wittgenstein
27%
Telgte19.925Warendorf
27%
Brakel16.270Höxter
27%
Sundern (Sauerland)27.802Hochsauerlandkreis
27%
Beverungen13.115Höxter
27%
Vreden22.641Borken
27%
Gronau (Westf.)48.072Borken
27%
Barntrup8.587Lippe
27%
Kierspe16.137Märkischer Kreis
26%
Leichlingen (Rheinland)28.031Rheinisch-Bergischer Kreis
26%
Heimbach (Eifel)4.333Düren
26%
Versmold21.468Gütersloh
26%
Lüdinghausen24.590Coesfeld
26%
Rietberg29.466Gütersloh
25%
Tecklenburg9.145Steinfurt
25%
Halver16.106Märkischer Kreis
25%
Burscheid18.172Rheinisch-Bergischer Kreis
23%
Plettenberg25.318Märkischer Kreis
23%
Borgholzhausen8.973Gütersloh
23%
Übach-Palenberg24.081Heinsberg
23%
Ennigerloh19.829Warendorf
22%
Willebadessen8.142Höxter
22%
Kalkar13.884Kleve
22%
Isselburg10.692Borken
21%
Petershagen25.168Minden-Lübbecke
21%
Attendorn24.367Olpe
21%
Waldbröl19.543Oberbergischer Kreis
21%
Spenge14.487Herford
19%
Rüthen10.957Soest
19%
Steinheim (Westfalen)12.657Höxter
19%
Olfen12.846Coesfeld
19%
Olsberg14.489Hochsauerlandkreis
19%
Erwitte16.045Soest
19%
Hückeswagen15.060Oberbergischer Kreis
18%
Meckenheim (Rheinland)24.684Rhein-Sieg-Kreis
18%
Breckerfeld8.938Ennepe-Ruhr-Kreis
18%
Bad Wünnenberg12.177Paderborn
18%
Hallenberg4.486Hochsauerlandkreis
16%
Bergneustadt18.865Oberbergischer Kreis
16%
Horn-Bad Meinberg17.178Lippe
16%
Netphen23.130Siegen-Wittgenstein
16%
Balve11.361Märkischer Kreis
16%
Wiehl25.135Oberbergischer Kreis
16%
Espelkamp24.685Minden-Lübbecke
16%
Blomberg15.154Lippe
16%
Wassenberg18.292Heinsberg
16%
Neuenrade11.982Märkischer Kreis
15%
Hörstel20.141Steinfurt
15%
Horstmar6.551Steinfurt
15%
Drolshagen11.779Olpe
15%
Schleiden13.053Euskirchen
15%
Gescher17.205Borken
15%
Lügde9.390Lippe
15%
Hilchenbach14.906Siegen-Wittgenstein
15%
Oerlinghausen17.286Lippe
14%
Nieheim6.093Höxter
14%
Medebach8.055Hochsauerlandkreis
14%
Schieder-Schwalenberg8.475Lippe
14%
Borgentreich8.523Höxter
14%
Velen13.130Borken
14%
Billerbeck11.566Coesfeld
14%
Elsdorf (Rheinland)21.663Rhein-Erft-Kreis
14%
Preußisch Oldendorf12.289Minden-Lübbecke
12%
Nideggen9.945Düren
12%
Sassenberg14.260Warendorf
12%
Enger20.461Herford
11%
Werther (Westf.)11.274Gütersloh
10%
Lengerich (Westfalen)22.641Steinfurt
10%
Lichtenau (Westfalen)10.632Paderborn
10%
Marienmünster4.902Höxter
7%

Verteilung der Resultate

Perzentil nach korrekt beantworteten Fragen

Anzahl Personen mit jedem Resultat

Ihre Resultats-Entwicklung

Sie haben dieses Quiz seit der letzten Aktualisierung nicht gespielt